| Registos Bibliográficos associados ao registo de autoridade |
|
Etiqueta de registo: 00254nam 2200025 450 001 2286878 003 http://id.bnportugal.gov.pt/bib/catbnp/2286878 010 ## $a978-989-36411-4-9 021 ## $aPT$b554809/25 100 ## $a20260526d2025 m y0pory01030103ba 101 0# $apor 102 ## $aPT 105 ## $aa z 000yy 106 ## $ar 200 1# $aHoppe unplugged$eopiniões, ideias e provocações de entrevistas e discursos Hans-Hermann Hoppe$fHans-Hermann Hoppe, Thomas Jacob$gtrad. Manuel Ogando 205 ## $a1ª ed 210 #9 $aLisboa$cCataláxia,$d2025 215 ## $a70 p.$cil.$d23 cm 700 #1 $aHoppe,$bHans-Hermann,$f1949-$31999249 701 #1 $a Jacob,$bThomas$4070$31999251 702 #1 $aOgando,$bManuel$4730$31973698 801 #0 $aPT$bBN$gRPC 966 ## $lBN$mFGMON$x1 971 ## $cabrito$d20260526
|
|
|